000 00388 a2200157 4500
001 74323
020 _a978-85-7675-558-6
040 _cAnchieta - Colégio São Paulo
100 _aTaboada, Roberta
240 1 0 _aAprender Juntos: Matemática, 4º ano
_lpor
245 1 0 _aAprender Juntos: Matemática, 4º ano
300 _a304
362 0 _a2010
650 4 _aMatemática
942 _cBK
999 _c74323
_d74323